000
00314nam a2200133Ia 4500
005
20260326235442.0
008
260326s9999||||xx |||||||||||||| ||und||
100
_a
Prather, Marla
245
0
_a
Paul Gauguin 1848 - 1903 /
_c
Marla Prather
260
_b
Könemann
300
_a
387 p.
650
_a
ARTE
942
_c
BK
999
_c
7446
_d
7446